INFORMATICA Y DISCAPACIDAD /

INCLUYE BIBLIOGRAFIA

Guardat en:
Dades bibliogràfiques
Altres autors: Havlik, Jarmila M. (compilación) (compilación)
Format: Llibre
Matèries:
Etiquetes: Afegir etiqueta
Sense etiquetes, Sigues el primer a etiquetar aquest registre!

MARC

LEADER 00000nam^a2200000^a^4500
001 000248607
005 20250521000000.0
009 20260310105657.195
020 |a 987-538-002-4 
035 |a 072283 
037 |a Acervo Xavier Clavigero 
082 |a 371. 334  |b INF 
245 1 0 |a INFORMATICA Y DISCAPACIDAD /  |c COMP. JARMILA M. HAVLIK 
264 |a Buenos Aires, Argentina :  |b Novedades Educativas,  |c 2000 
300 |a 215 p. :  |b il., retrs. 
336 |a texto  |b txt  |2 rdacontenido 
337 |a sin mediación  |b n  |2 rdamedio 
338 |a volumen  |b nc  |2 rdasoporte 
520 |a INCLUYE BIBLIOGRAFIA 
649 |a XX 
650 |a Computadoras en la Educación 
650 |a METODOS DE ENSEÑANZA. 
650 |a Informática 
650 |a Discapacitados 
700 |a Havlik, Jarmila M.  |e (compilación) 
910 |a Fondo General 
920 |a Impresos - Libros 
930 |a Colección General 
905 |a 101 
901 |a 072283  |b IT1  |c ACC  |i 072283  |u 20250521 
902 |a https://opac.biblio.iteso.mx/vufind/Record/000248607